| 000 | 01466nam a2200349 c 4500 | ||
|---|---|---|---|
| 003 | BLK | ||
| 005 | 20190726150646.0 | ||
| 008 | 180410b bul|||||r ||||||| ||bul|| | ||
| 010 | _aKNG00152027000 | ||
| 040 | _aBLK | ||
| 041 |
_aBUL _cBUL |
||
| 080 |
_aАнглийска литература _b821.111 _x-93-91 _z821.111-93-91 |
||
| 100 | 1 |
_aДефо, Даниел _eпърви автор _9371409 |
|
| 700 | 1 |
_aЗлатаров, Светозар Асенов _eпрев. от итал. _9367266 |
|
| 700 | 1 |
_aБалтер _eил. _936165 |
|
| 700 | 1 |
_aАустин, Ф. _eадапт. _934807 |
|
| 139 |
_aДефо, Даниел _bД 46 |
||
| 245 | 1 | 0 |
_aРобинзон Крузо _bРоман за деца _cДаниел Дефо; прев. от итал. Светозар Асенов Златаров; ил. Балтер; адапт. Ф. Аустин. |
| 257 | _aGBR | ||
| 260 |
_аСофия _bНар. младеж _c1973 |
||
| 300 |
_a56 с. _bс ил. _c34 см |
||
| 380 | _aDX | ||
| 500 | _aПрев. от Robinson Crusoe ; Ориг. загл. Life and strange surprising adventures of Robinson Krusoe. - 50 000 тир. | ||
| 653 | _aромани | ||
| 653 | _aлитература за деца | ||
| 653 | _aдетска литература | ||
| 852 | _aЦб ІІ 18963 | ||
| 856 | 4 |
_qpdf _u |
|
| 856 | 4 |
_qpdf _u |
|
| 942 |
_cKNG _n0 _06 |
||
| 944 |
_aCR _c17.10.2013 _lф / 17.10.2013 _kВиктория_Петкова |
||
| 944 |
_aED _c09.06.2016 _lф / 17.10.2013 _kЛюдмила_Стоянова |
||
| 999 |
_c145842 _d145842 |
||